[Event "Bratislava Doprastav op"]
[Site "Bratislava"]
[Date "2010.07.08"]
[Round "9"]
[White "Romhanyi, Milan"]
[Black "Sucikova, Svetlana"]
[Result "0-1"]
[WhiteElo "1000"]
[BlackElo "1669"]
[PlyCount "110"]
[EventDate "2010.07.02"]
[EventType "swiss"]
[EventRounds "9"]
[EventCountry "SVK"]
[SourceTitle "EXT 2012"]
[Source "ChessBase"]
[SourceDate "2011.11.24"]
[SourceVersion "1"]
[SourceVersionDate "2011.11.24"]
[SourceQuality "1"]

1. d4 d5 2. c4 c6 3. Nc3 Nf6 4. Nf3 e6 5. Bg5 Be7 6. e3 Nbd7 7. Bd3 dxc4 8. Bxc4 Nb6 9. Bd3 Bd7 10. Rc1 0-0 11. 0-0 Rc8 12. Qc2 g6 13. Bh6 Re8 14. Ne5 Bf8 15. Bxf8 Rxf8 16. Ne4 Nxe4 17. Bxe4 Qe7 18. Qc5 Qxc5 19. dxc5 f6 20. cxb6 fxe5 21. bxa7 Ra8 22. Rfd1 Rf7 23. Rd2 Kf8 24. Rcd1 Ke8 25. Kf1 Rxa7 26. a3 Kd8 27. Ke2 Kc7 28. Bf3 Ra5 29. Rd6 Rb5 30. R1d2 Rc5 31. e4 Rc1 32. Bg4 Re7 33. Rd1 Rc4 34. Kd3 Ra4 35. Ke3 c5 36. R6d3 Rc4 37. b3 Rd4 38. Rxd4 exd4+ 39. Kd3 Bb5+ 40. Kd2 Rf7 41. Bf3 e5 42. Ke1 Rf4 43. Rc1 Kd6 44. Rc2 Bd3 45. Rd2 Bxe4 46. Bxe4 Rxe4+ 47. Kd1 Kd5 48. f3 Re3 49. Re2 Rxb3 50. Ra2 d3 51. Kc1 Kd4 52. Kd2 c4 53. a4 c3+ 54. Kc1 d2+ 55. Kc2 Rb2+ 0-1

[Event "Bratislava Doprastav op"]
[Site "Bratislava"]
[Date "2010.07.02"]
[Round "1"]
[White "Dolnak, Michal"]
[Black "Romhanyi, Milan"]
[Result "1-0"]
[WhiteElo "1844"]
[BlackElo "1000"]
[PlyCount "91"]
[EventDate "2010.07.02"]
[EventType "swiss"]
[EventRounds "9"]
[EventCountry "SVK"]
[SourceTitle "EXT 2012"]
[Source "ChessBase"]
[SourceDate "2011.11.24"]
[SourceVersion "1"]
[SourceVersionDate "2011.11.24"]
[SourceQuality "1"]

1. d4 Nf6 2. c4 e6 3. Nf3 b6 4. Nc3 Bb7 5. e3 Bb4 6. Bd3 0-0 7. 0-0 c5 8. Na4 cxd4 9. exd4 Qc7 10. a3 Ng4 11. d5 exd5 12. cxd5 Bd6 13. h3 Nf6 14. Nc3 Na6 15. Nb5 Qb8 16. b4 Bxd5 17. Nxd6 Nxb4 18. Bf4 Bxf3 19. Qxf3 Nxd3 20. Qxd3 Nh5 21. Bh2 Qd8 22. Qf5 Nf6 23. Rfe1 Ne8 24. Rxe8 Rxe8 25. Qxf7+ Kh8 26. Qxe8+ Qxe8 27. Nxe8 Rxe8 28. Kf1 Kg8 29. Rc1 d5 30. Rc7 a5 31. Rd7 Rc8 32. Rxd5 Rc3 33. Bd6 Kf7 34. Ke2 Ke6 35. Rd2 Rc6 36. Bf4 Rc3 37. Rd3 Rc2+ 38. Kf3 Rc6 39. Be3 Ke5 40. Bd4+ Kf5 41. Bxg7 Rc4 42. Bd4 b5 43. Be3 Ke5 44. Rb3 b4 45. axb4 axb4 46. Bd2 1-0